000 00569nam a2200193 u 4500
005 20221112063447.0
008 110406s2004 r 000 0 eng d
020 _a9702705568
035 _aUPN01000180169
049 _aCG
050 4 _aQP383.17
_bA6.7
245 0 0 _aAproximaciones al estudio de la corteza prefrontal /
_ccoord. Miguel Angel Guevara Pérez.
260 _aZapopan, Jal. :
_bUniversidad de Guadalajara,
_c2004.
300 _a314 p.
650 4 _aCEREBRO -
_xANATOMIA
_95945
650 2 _aNeurología
_915960
905 _aLibro
999 _c152272
_d152272